000 00265nam a2200109Ia 4500
008 190216s9999||||xx |||||||||||||| ||und||
100 _aMuttathu Varkey
245 0 _aPalunku Pathrangal
260 _bCurrent Books
650 _aMalayalam Nadakam
942 _cBK
999 _c24263
_d24263